Temporary Items in Escape The Backrooms - Statistics

General Stats
  • This quiz has been taken 24 times
  • The average score is 4 of 7
Answer Stats
Level Answer % Correct
Level 0, 1 and 5 Keys
93%
Level Fun+ Video Tape
79%
The End VHS Tapes
64%
Level Fun+ Colored Keys
57%
Level 0 Ladder Pieces
57%
Abandoned Outpost Administrator Card
36%
Level 5 - Hotel Rooms Letter Papers
36%
No matching quizzes found
Score Distribution
Percent of People with Each Score
Percentile by Number Answered
Your Score History
You have not taken this quiz